|
|
|
|
| LEADER |
00000nab a2200000uu 4500 |
| 001 |
vtls010885504 |
| 003 |
SK-MaSNL |
| 005 |
20260303144755.0 |
| 008 |
230222|1965 xo |||||||||||||||||slo| |
| 015 |
|
|
|a SNBRB
|
| 035 |
|
|
|a (urnnbn)urn:nbn:sk:snk:ar-002cpy
|
| 035 |
|
|
|a (uuid)2a939e90-627f-4a28-8955-6635877372c8
|
| 035 |
|
|
|a urn:nbn:sk:snk-ab8gjt
|
| 040 |
|
|
|a SNKBUCL
|b slo
|c SNKBUCL
|e AACR2
|
| 041 |
0 |
|
|a slo
|
| 044 |
|
|
|a xo
|c SK
|
| 100 |
1 |
|
|a (J. P.)
|4 aut
|9 1110115
|
| 245 |
1 |
0 |
|a Hudební kalendář a adresář 1965-1966.
|c (J. P.{Rpara}
|
| 773 |
0 |
|
|t Slovenská hudba : revue pre hudobnú kultúru
|g Roč. 9, č. 6 (1965), s. 285-286
|
| 954 |
|
|
|a odborná, vedecká literatúra pôvodná (slovenská)
|2 lita
|
| 958 |
|
|
|a OND
|
| 958 |
|
|
|a EUIPO
|
| 958 |
|
|
|a article10
|
| 999 |
|
|
|c 1998930
|d 2000860
|